| 000 | 01057cam a2200265 i 4500 | ||
|---|---|---|---|
| 003 | SA-RiAUC | ||
| 005 | 20250828054608.0 | ||
| 008 | 250828s1979 ua g f000 0 ara c | ||
| 040 |
_aSA-EnSBSSC _bara _cSA-RiAUC _erda |
||
| 082 | 0 | 4 | _a413 |
| 090 |
_a413 _b هـ ا ر |
||
| 100 | 1 |
_aهارون، عبد السلام محمد، _d1909-1988 _eمؤلف. |
|
| 245 | 1 | 0 |
_aتحقيقات وتنبهات في معجم لسان العرب / _cتأليف عبد السلام محمد هارون. |
| 250 | _aالطبعة الأولى. | ||
| 264 | 1 |
_aالقاهرة : _bالهيئة المصرية العامة للكتاب، _c1979 |
|
| 300 |
_a559 صفحة ؛ _c27 سم |
||
| 336 |
_aنص _btxt _2rdacontent _3كتاب |
||
| 337 |
_aبدون وسيط _bn _2rdamedia |
||
| 338 |
_aمجلد _bnc _2rdacarrier |
||
| 650 | 7 |
_aاللغة العربية _vمعاجم _2aucsh |
|
| 700 | 1 | 2 |
_aابن منظور، محمد بن مكرم بن علي، _d630-711 هجري |
| 740 | 0 | 2 | _aلسان العرب. |
| 942 |
_2ddc _cBOOK _n0 |
||
| 949 |
_aSA-JeALM _d250828 _ueid123 _n1 |
||
| 999 |
_c11217 _d11217 |
||